| 000 | 00656nam a22002057a 4500 | ||
|---|---|---|---|
| 003 | 0 | ||
| 005 | 20240212092434.0 | ||
| 008 | 240212b xxu||||| |||| 00| 0 eng d | ||
| 020 | _a978-1-5297-8974-4 | ||
| 050 |
_aHF 5549.5 _b.H65 2022 |
||
| 100 | _aHoltbrugge, Dirk | ||
| 245 |
_aIntercultural management _cDirk Holtbrugge |
||
| 260 |
_aLondon _bSage Publications Ltd. _cc2022. |
||
| 300 |
_axii, 398 pages ; _c24 cm. |
||
| 504 | _aIncludes bibliographical references and index. | ||
| 650 | _aDiversity in workplace. | ||
| 650 | _aInternational business entreprises--management. | ||
| 650 | _aIntercultural communication. | ||
| 942 |
_2lcc _cBK |
||
| 999 |
_c365912 _d365912 |
||